| 000 -LEADER |
| fixed length control field |
00733cam a22001457a 4500 |
| 008 - FIXED-LENGTH DATA ELEMENTS--GENERAL INFORMATION |
| fixed length control field |
180718b xxu||||| |||| 00| 0 eng d |
| 082 ## - DEWEY DECIMAL CLASSIFICATION NUMBER |
| Classification number |
A81x54 91/20/PT 3B/B |
| 100 ## - MAIN ENTRY--PERSONAL NAME |
| Personal name |
Census of India 1991 |
| 245 ## - TITLE STATEMENT |
| Title |
Punjab: economic tables |
| 260 ## - PUBLICATION, DISTRIBUTION, ETC. |
| Place of publication, distribution, etc. |
Delhi |
| Name of publisher, distributor, etc. |
The Controller of Publications |
| Date of publication, distribution, etc. |
|
| 300 ## - PHYSICAL DESCRIPTION |
| Extent |
-v- |
| 440 ## - SERIES STATEMENT/ADDED ENTRY--TITLE |
| Title |
Census of India 1991. Series-20, Punjab. Part IIIB- B series |
| 500 ## - GENERAL NOTE |
| General note |
Library has v.1. 2001. 1131+p. Tables B-2(F), B-3(F), B-6(F), B-7(F), B-9(F), B-12(F), B-13(i)(F), B-13(ii)(F) and B-14(F);v.2. 2001. 932+p. Tables B-15(i)(F), B-15(ii)(F), B-16(F), B-17(F), B-18(F), B-19(F) and B-20(F);v.3. 2001. 801+p. Tables B-21(F) Part A & B, B-22(F), B-23(F) and B-24(F) |
| 650 ## - SUBJECT ADDED ENTRY--TOPICAL TERM |
| Topical term or geographic name entry element |
Punjab - Census - Economic surveys |